000
00316nam a2200121Ia 4500
008
240624s9999 xx 000 0 und d
041
_a
eng
082
_a
006.3 JON
100
_a
JONES M TIM
245
_a
ARTIFICIAL INTELLIGENCE APPLICATION PROG
260
_c
2003
_a
New Delhi
_b
Wiley Dreamtech India
300
_a
xv, : 363
999
_c
959
_d
959